[Event "Paleochora op 6th"]
[Site "Paleochora"]
[Date "2013.07.19"]
[Round "1"]
[White "Markidis, Konstantinos"]
[Black "Mpampiolakis, Antonios"]
[Result "1-0"]
[WhiteElo "2376"]
[BlackElo "1531"]
[PlyCount "81"]
[EventDate "2013.07.19"]
[EventType "swiss"]
[EventRounds "9"]
[EventCountry "GRE"]
[SourceTitle "CBM 155 Extra"]
[Source "ChessBase"]
[SourceDate "2013.08.26"]
[SourceVersion "1"]
[SourceVersionDate "2013.08.26"]
[SourceQuality "1"]

1. e4 e5 2. Nf3 Nc6 3. Bb5 d6 4. c3 Nf6 5. d3 Be7 6. 0-0 0-0 7. Re1 Bg4 8. h3 Be6 9. Nbd2 h6 10. d4 exd4 11. cxd4 Bd7 12. a3 a6 13. Bd3 Nh7 14. Qc2 Ng5 15. Nxg5 Bxg5 16. Nf3 Bxc1 17. Raxc1 Rc8 18. Qb3 Rb8 19. Qc3 Rc8 20. b4 Na7 21. Bb1 Nb5 22. Qb2 Qf6 23. e5 dxe5 24. dxe5 Qe7 25. a4 Na7 26. Qc2 g6 27. e6 Bxe6 28. Nd4 Qf6 29. Nxe6 fxe6 30. Rxe6 Qxe6 31. Ba2 Qxa2 32. Qxa2+ Kg7 33. Qb2+ Kh7 34. Qd4 Nc6 35. Qd7+ Kg8 36. b5 Ne5 37. Qe6+ Nf7 38. Qxg6+ Kh8 39. bxa6 bxa6 40. Rc3 c5 41. Rg3 1-0

[Event "GRE-ch U18"]
[Site "Chania"]
[Date "2013.01.06"]
[Round "7.11"]
[White "Bairamian, Artur"]
[Black "Mpampiolakis, Antonios"]
[Result "0-1"]
[WhiteElo "1497"]
[BlackElo "1523"]
[PlyCount "96"]
[EventDate "2013.01.02"]
[EventType "swiss"]
[EventRounds "9"]
[EventCountry "GRE"]
[SourceTitle "EXT 2024"]
[Source "ChessBase"]
[SourceDate "2023.10.10"]
[SourceVersion "1"]
[SourceVersionDate "2023.10.10"]
[SourceQuality "1"]

1. e4 e6 2. d4 Nf6 3. Nc3 d5 4. Bg5 h6 5. Bxf6 gxf6 6. Nf3 Bb4 7. Bd3 Nc6 8. 0-0 Bxc3 9. bxc3 Qd6 10. Qd2 Bd7 11. Rfe1 0-0-0 12. e5 fxe5 13. dxe5 Qc5 14. a4 Rhg8 15. Qxh6 Qxc3 16. Qd2 Qxd2 17. Nxd2 Nb4 18. Rec1 Nxd3 19. cxd3 Rg4 20. a5 Bb5 21. Rc3 Rd4 22. Raa3 Rg8 23. Nf3 Rf4 24. d4 Be2 25. Re3 Bxf3 26. Rxf3 Rxd4 27. Rfd3 Rxd3 28. Rxd3 c5 29. h4 b5 30. axb6 axb6 31. h5 b5 32. Rc3 c4 33. Rc2 Kc7 34. Ra2 Kb6 35. f3 b4 36. g4 c3 37. Rc2 d4 38. h6 d3 39. h7 Rh8 40. Rh2 d2 41. Kg2 d1Q 42. Kg3 Qg1+ 43. Rg2 Qe1+ 44. Rf2 Rxh7 45. f4 c2 46. g5 c1Q 47. Kg2 Qh1+ 48. Kg3 Qh3# 0-1

[Event "GRE-ch U18"]
[Site "Chania"]
[Date "2013.01.04"]
[Round "4.7"]
[White "Mpampiolakis, Antonios"]
[Black "Tzouganakis, Panteleimon"]
[Result "0-1"]
[WhiteElo "1523"]
[BlackElo "2206"]
[PlyCount "96"]
[EventDate "2013.01.02"]
[EventType "swiss"]
[EventRounds "9"]
[EventCountry "GRE"]
[SourceTitle "EXT 2024"]
[Source "ChessBase"]
[SourceDate "2023.10.10"]
[SourceVersion "1"]
[SourceVersionDate "2023.10.10"]
[SourceQuality "1"]

1. Nf3 Nf6 2. c4 g6 3. g3 Bg7 4. Nc3 0-0 5. Bg2 d6 6. 0-0 e5 7. d3 h6 8. Bd2 Be6 9. Qc2 Qd7 10. Rab1 Nc6 11. b4 Nh5 12. Rfc1 Ne7 13. Ne1 c6 14. a4 Bh3 15. Bh1 f5 16. b5 f4 17. Bg2 fxg3 18. fxg3 Qf5 19. Nf3 Qg4 20. Ne4 Bxg2 21. Kxg2 d5 22. h3 Qe6 23. Nc5 Qf7 24. Rf1 Qe8 25. Ne6 Nf5 26. Nxf8 Nfxg3 27. e4 dxe4 28. dxe4 Nxf1 29. Rxf1 Qxf8 30. Nh4 Qd6 31. c5 Qe6 32. Be3 Rd8 33. Kh2 Nf4 34. Bxf4 exf4 35. Nf3 Be5 36. Rg1 Kh7 37. Rd1 Re8 38. Qd3 Re7 39. Kg1 g5 40. Nd4 Bxd4+ 41. Qxd4 Qxh3 42. Qd6 Qg3+ 43. Kf1 Qf3+ 44. Kg1 Qxe4 45. bxc6 bxc6 46. Kf2 f3 47. Rh1 Qe2+ 48. Kg3 Qg2# 0-1

[Event "Mediterranean-ch U20 4th"]
[Site "Chania"]
[Date "2012.09.03"]
[Round "9"]
[White "Valianos, Gerasimos"]
[Black "Mpampiolakis, Antonios"]
[Result "1-0"]
[WhiteElo "1589"]
[BlackElo "1545"]
[PlyCount "95"]
[EventDate "2012.08.28"]
[EventType "swiss"]
[EventRounds "9"]
[EventCountry "GRE"]
[SourceTitle "CBM 150 Extra"]
[Source "ChessBase"]
[SourceDate "2012.10.19"]
[SourceVersion "1"]
[SourceVersionDate "2012.10.19"]
[SourceQuality "1"]

1. Nf3 g6 2. g3 Bg7 3. Bg2 Nc6 4. d4 d6 5. c4 Rb8 6. Nc3 Bg4 7. e3 Nf6 8. Qa4 0-0 9. d5 Bxf3 10. Bxf3 Ne5 11. Be2 a6 12. f4 Ned7 13. e4 Nc5 14. Qc2 e5 15. fxe5 dxe5 16. b4 Ncd7 17. Bg5 h6 18. Be3 Rc8 19. c5 Qe7 20. 0-0 Nh7 21. Bc4 Ng5 22. Kg2 Nh7 23. Qd2 h5 24. Rf2 Kh8 25. Raf1 f6 26. a3 Rfd8 27. h4 Nb8 28. Qe2 Nf8 29. Rh1 Qd7 30. Bb3 f5 31. exf5 gxf5 32. Qxh5+ Nh7 33. Rxf5 Rf8 34. Rhf1 Rce8 35. Rf7 Rxf7 36. Rxf7 Re7 37. Bc2 Bh6 38. Rxe7 Qxe7 39. Bxh6 Nd7 40. Bg5 Qg7 41. Bxh7 Qxh7 42. Qe8+ Qg8 43. Qxd7 Qg6 44. Qd8+ Kh7 45. Qe7+ Kg8 46. Qe6+ Qxe6 47. dxe6 Kf8 48. Nd5 1-0

[Event "Mediterranean-ch U20 4th"]
[Site "Chania"]
[Date "2012.08.30"]
[Round "5"]
[White "Koutsogiannopoulou, Theodora"]
[Black "Mpampiolakis, Antonios"]
[Result "1-0"]
[WhiteElo "1897"]
[BlackElo "1545"]
[PlyCount "55"]
[EventDate "2012.08.28"]
[EventType "swiss"]
[EventRounds "9"]
[EventCountry "GRE"]
[SourceTitle "CBM 150 Extra"]
[Source "ChessBase"]
[SourceDate "2012.10.19"]
[SourceVersion "1"]
[SourceVersionDate "2012.10.19"]
[SourceQuality "1"]

1. e4 g6 2. d4 Bg7 3. Nc3 d6 4. Be3 Nc6 5. Qd2 f5 6. d5 Nb8 7. 0-0-0 a6 8. Bd3 fxe4 9. Nxe4 Nf6 10. Nxf6+ exf6 11. Nf3 Bg4 12. Bh6 0-0 13. h3 Bxf3 14. gxf3 Nd7 15. Bxg7 Kxg7 16. h4 Ne5 17. f4 Nxd3+ 18. Qxd3 f5 19. h5 Qf6 20. Qh3 Rh8 21. Rde1 Kf7 22. Re6 Qd4 23. Qh4 Rae8 24. Rhe1 Rxe6 25. Rxe6 Re8 26. hxg6+ hxg6 27. Qh7+ Kf8 28. Qh6+ 1-0